000 00389cam a2200169ua 4500
020 _c2.50
041 _amal
_h
082 _a894.8122
_bVAR/PU
100 _aVarkey, Muttathu .
245 _aPuthiyamannu /
_cMuttathu Varkey.
_hTextual Documents
260 _a :
_bJ.Johnson ,
_c1962.
300 _a210 ; .
365 _a2.50
504 _a
942 _cBK
999 _c1146
_d1146